[Event "Oberliga Ost-B 1213"]
[Site "Germany"]
[Date "2013.03.17"]
[Round "9.7"]
[White "Heck, Norbert"]
[Black "Fischer, Dennis"]
[Result "1-0"]
[WhiteElo "2274"]
[BlackElo "1995"]
[PlyCount "93"]
[EventDate "2012.09.30"]
[EventType "team-tourn"]
[EventRounds "11"]
[EventCountry "GER"]
[SourceTitle "EXT 2014"]
[Source "ChessBase"]
[SourceDate "2013.11.20"]
[SourceVersion "1"]
[SourceVersionDate "2013.11.20"]
[SourceQuality "1"]
[WhiteTeam "Neuberg"]
[BlackTeam "Erfurt Medizin"]
[WhiteTeamCountry "GER"]
[BlackTeamCountry "GER"]

1. Nf3 Nf6 2. c4 g6 3. g3 Bg7 4. Bg2 0-0 5. d4 d6 6. 0-0 Nbd7 7. Nc3 c6 8. h3 h6 9. e4 e5 10. Be3 Qe7 11. Qc2 exd4 12. Nxd4 Ne5 13. b3 c5 14. Nde2 Nc6 15. Rad1 a6 16. Rfe1 Kh7 17. Nf4 Be6 18. Nfd5 Qd8 19. Nf4 Qe7 20. Ncd5 Bxd5 21. Nxd5 Nxd5 22. cxd5 Nb4 23. Qb1 a5 24. f4 b5 25. e5 Rab8 26. a3 Na6 27. exd6 Qxd6 28. f5 Qxg3 29. Bf2 Qf4 30. Re7 gxf5 31. Be3 Qd6 32. Qxf5+ Qg6 33. Qf2 a4 34. Kh1 Kh8 35. b4 cxb4 36. axb4 Nxb4 37. Bd4 f6 38. Kh2 Rf7 39. Be4 f5 40. Re6 Qh5 41. Qf4 Qe2+ 42. Bg2 Qxd1 43. Bxg7+ Rxg7 44. Rxh6+ Rh7 45. Qe5+ Kg8 46. Rg6+ Kf8 47. Qxb8+ 1-0

[Event "Oberliga Ost-B 1213"]
[Site "Germany"]
[Date "2013.01.13"]
[Round "5.8"]
[White "Fischer, Dennis"]
[Black "Foermes, Alexander"]
[Result "1-0"]
[WhiteElo "1995"]
[BlackElo "2054"]
[PlyCount "45"]
[EventDate "2012.09.30"]
[EventType "team-tourn"]
[EventRounds "11"]
[EventCountry "GER"]
[SourceTitle "EXT 2014"]
[Source "ChessBase"]
[SourceDate "2013.11.20"]
[SourceVersion "1"]
[SourceVersionDate "2013.11.20"]
[SourceQuality "1"]
[WhiteTeam "Erfurt Medizin"]
[BlackTeam "Marburg"]
[WhiteTeamCountry "GER"]
[BlackTeamCountry "GER"]

1. d4 Nf6 2. g3 e6 3. Bg2 d5 4. Nf3 b5 5. 0-0 c5 6. a4 b4 7. c4 bxc3 8. Nxc3 Nc6 9. Bg5 Be7 10. dxc5 Rb8 11. Nb5 0-0 12. Bf4 Rb7 13. Nfd4 Bd7 14. Nxc6 Bxc6 15. Nd4 Qd7 16. Qc2 Rb4 17. Nxc6 Qxc6 18. Bd2 Bxc5 19. Rac1 Rc8 20. Qxc5 Qxc5 21. Rxc5 Rxc5 22. Bxb4 Rc4 23. Ba3 1-0

[Event "Oberliga Ost-B 1213"]
[Site "Germany"]
[Date "2012.12.09"]
[Round "4.8"]
[White "Fischer, Dennis"]
[Black "De Visser, Leon"]
[Result "0-1"]
[WhiteElo "1995"]
[BlackElo "2146"]
[PlyCount "40"]
[EventDate "2012.09.30"]
[EventType "team-tourn"]
[EventRounds "11"]
[EventCountry "GER"]
[SourceTitle "EXT 2014"]
[Source "ChessBase"]
[SourceDate "2013.11.20"]
[SourceVersion "1"]
[SourceVersionDate "2013.11.20"]
[SourceQuality "1"]
[WhiteTeam "Erfurt Medizin"]
[BlackTeam "Frankfurt BvK"]
[WhiteTeamCountry "GER"]
[BlackTeamCountry "GER"]

1. d4 d5 2. g3 Nf6 3. Bg2 c6 4. Nf3 Bg4 5. 0-0 Nbd7 6. b3 e6 7. Bb2 Be7 8. c4 0-0 9. c5 b6 10. b4 a5 11. b5 Rc8 12. bxc6 Rxc6 13. Qa4 Qc7 14. Nc3 bxc5 15. Ne5 Rb6 16. Ba3 Nxe5 17. dxe5 Qxe5 18. Qxa5 Rbb8 19. Nb5 Ra8 20. Na7 Qb8 0-1

[Event "Oberliga Ost-B 1213"]
[Site "Germany"]
[Date "2012.09.30"]
[Round "1.8"]
[White "Bruening, Ulf Simeon"]
[Black "Fischer, Dennis"]
[Result "1/2-1/2"]
[WhiteElo "1969"]
[BlackElo "1995"]
[PlyCount "79"]
[EventDate "2012.09.30"]
[EventType "team-tourn"]
[EventRounds "11"]
[EventCountry "GER"]
[SourceTitle "EXT 2014"]
[Source "ChessBase"]
[SourceDate "2013.11.20"]
[SourceVersion "1"]
[SourceVersionDate "2013.11.20"]
[SourceQuality "1"]
[WhiteTeam "Sangerhausen"]
[BlackTeam "Erfurt Medizin"]
[WhiteTeamCountry "GER"]
[BlackTeamCountry "GER"]

1. d4 Nf6 2. c4 d6 3. Nf3 g6 4. g3 Bg7 5. Bg2 0-0 6. 0-0 Na6 7. Nc3 c5 8. b3 Qa5 9. Bb2 cxd4 10. Nxd4 Qh5 11. e3 Bg4 12. f3 Bh3 13. Qd2 Nc5 14. Rad1 Bh6 15. Rfe1 Nfd7 16. Nde2 Bxg2 17. Kxg2 Ne5 18. Rf1 g5 19. Nd5 Ng6 20. Nxe7+ Nxe7 21. Qxd6 g4 22. Qxe7 Ne6 23. Nf4 Nxf4+ 24. exf4 Rae8 25. fxg4 Qg6 26. Qf6 Re2+ 27. Kg1 Qxf6 28. Bxf6 Rxa2 29. Rd7 Re8 30. Rfd1 Ree2 31. Rd8+ Bf8 32. Bd4 b6 33. c5 Rac2 34. b4 f6 35. cxb6 axb6 36. Bxb6 Kf7 37. R8d7+ Kg8 38. Rd8 Kf7 39. R8d7+ Kg8 40. Rd8 1/2-1/2

[Event "Oberliga Ost-B 1112"]
[Site "Germany"]
[Date "2012.04.14"]
[Round "10.7"]
[White "Rudolph, Peter"]
[Black "Fischer, Dennis"]
[Result "1/2-1/2"]
[WhiteElo "2126"]
[BlackElo "2002"]
[PlyCount "105"]
[EventDate "2011.10.02"]
[EventType "team-tourn"]
[EventRounds "11"]
[EventCountry "GER"]
[SourceTitle "EXT 2013"]
[Source "ChessBase"]
[SourceDate "2012.11.22"]
[SourceVersion "1"]
[SourceVersionDate "2012.11.22"]
[SourceQuality "1"]
[WhiteTeam "Giessen"]
[BlackTeam "Erfurt Medizin"]
[WhiteTeamCountry "GER"]
[BlackTeamCountry "GER"]

1. e4 d6 2. d4 Nf6 3. Nc3 g6 4. Bd3 Bg7 5. Nge2 0-0 6. h3 e5 7. Be3 Nc6 8. d5 Ne7 9. Bc4 a6 10. Bb3 Nd7 11. g4 f5 12. f3 fxe4 13. fxe4 Rf3 14. Qd2 b5 15. 0-0-0 b4 16. Na4 Nf6 17. Ng1 Nxe4 18. Qe2 Rf7 19. Qg2 Nf6 20. Nf3 Bd7 21. Nc5 dxc5 22. d6 cxd6 23. Rxd6 Ne4 24. Bxf7+ Kxf7 25. Ng5+ Nxg5 26. Rxd7 Qxd7 27. Qxa8 Ne6 28. Rf1+ Nf4 29. Qxa6 Kg8 30. Bxc5 Bh6 31. Kb1 Nc6 32. Qc4+ Kh8 33. Bxb4 Nd5 34. Bc5 Bf4 35. Ka1 Na5 36. Qd3 Qc6 37. b4 Nb7 38. Rd1 Nf6 39. Be3 e4 40. Qd4 Bxe3 41. Qxe3 Qxc2 42. Rc1 Qh2 43. Qc3 Qf4 44. g5 Qxg5 45. Rf1 Kg7 46. Qc7+ Kh6 47. Qxb7 Qe5+ 48. Kb1 e3 49. Qf3 e2 50. Re1 Nd5 51. Qf8+ Kh5 52. Qf3+ Kh6 53. Qf8+ 1/2-1/2

[Event "Oberliga Ost-B 1112"]
[Site "Germany"]
[Date "2011.12.11"]
[Round "5.8"]
[White "Hierling, Stefan"]
[Black "Fischer, Dennis"]
[Result "1/2-1/2"]
[WhiteElo "2046"]
[BlackElo "2002"]
[PlyCount "191"]
[EventDate "2011.10.02"]
[EventType "team-tourn"]
[EventRounds "11"]
[EventCountry "GER"]
[SourceTitle "EXT 2013"]
[Source "ChessBase"]
[SourceDate "2012.11.22"]
[SourceVersion "1"]
[SourceVersionDate "2012.11.22"]
[SourceQuality "1"]
[WhiteTeam "Offenbach"]
[BlackTeam "Erfurt Medizin"]
[WhiteTeamCountry "GER"]
[BlackTeamCountry "GER"]

1. e4 d6 2. d4 Nf6 3. Nc3 g6 4. Nf3 Bg7 5. Bc4 0-0 6. 0-0 c6 7. h3 b5 8. Bd3 b4 9. Ne2 Nfd7 10. a3 bxa3 11. Rxa3 Bb7 12. Be3 Qc8 13. Qc1 Re8 14. Bh6 Bh8 15. Qa1 a6 16. Qa2 e6 17. Ng5 d5 18. c4 Qd8 19. f4 Nb6 20. e5 dxc4 21. Bxc4 Nd5 22. Qb3 Ra7 23. Ne4 Bg7 24. Bg5 Qd7 25. N2g3 a5 26. Nd6 Rf8 27. Nge4 Ba6 28. Nc5 Qc7 29. Bh4 Bxc4 30. Nxc4 Na6 31. Nxa6 Rxa6 32. Be1 Qa7 33. Qd1 a4 34. Kh1 Rb8 35. Rff3 Bf8 36. Ra1 c5 37. Bf2 Rb4 38. Rc1 cxd4 39. Bxd4 Qb8 40. Rc2 Rb3 41. Qf1 Rc6 42. Na3 Rxc2 43. Nxc2 Rxf3 44. Qxf3 Bh6 45. g3 Qb5 46. Kg2 Qc4 47. Qf2 Bf8 48. h4 Qd3 49. Ba7 Qe4+ 50. Kh2 h5 51. Qg2 Qd3 52. Ne1 Qa6 53. Bd4 Bb4 54. Nf3 Qc4 55. Qf2 Ne7 56. Ng5 Nf5 57. Ba7 Ba5 58. Qg2 Nh6 59. Qe4 Ng4+ 60. Kg2 Qc7 61. Bd4 Kg7 62. Nf3 Bb6 63. Qd3 Bxd4 64. Qxd4 Qc2+ 65. Qd2 Qe4 66. Qe1 Qc2+ 67. Qd2 Qb3 68. Nd4 Qd5+ 69. Nf3 Qc5 70. Qd4 Qc1 71. Qd2 Ne3+ 72. Kf2 Nd1+ 73. Ke2 Qxd2+ 74. Kxd2 Nxb2 75. Kc3 Nd1+ 76. Kb4 Ne3 77. Nd2 f6 78. Kxa4 fxe5 79. fxe5 Kh6 80. Ne4 Ng4 81. Kb4 Nxe5 82. Kc5 Nf7 83. Kd4 g5 84. hxg5+ Nxg5 85. Nc5 Kg6 86. Ke5 Kf7 87. Kf4 Kf6 88. Nd7+ Kg6 89. Nf8+ Kh6 90. Ke5 Kg7 91. Nd7 Kf7 92. Kf4 Nh3+ 93. Ke5 Ke7 94. Nf6 Ng5 95. Nxh5 Nf7+ 96. Kf4 1/2-1/2

[Event "Oberliga Ost-B 1112"]
[Site "Germany"]
[Date "2011.11.20"]
[Round "4.6"]
[White "Felgendreher, Heiko"]
[Black "Fischer, Dennis"]
[Result "1-0"]
[WhiteElo "2192"]
[BlackElo "2002"]
[PlyCount "115"]
[EventDate "2011.10.02"]
[EventType "team-tourn"]
[EventRounds "11"]
[EventCountry "GER"]
[SourceTitle "EXT 2013"]
[Source "ChessBase"]
[SourceDate "2012.11.22"]
[SourceVersion "1"]
[SourceVersionDate "2012.11.22"]
[SourceQuality "1"]
[WhiteTeam "Moerlenbach"]
[BlackTeam "Erfurt Medizin"]
[WhiteTeamCountry "GER"]
[BlackTeamCountry "GER"]

1. e4 d6 2. d4 Nf6 3. Nc3 g6 4. f4 Bg7 5. Nf3 0-0 6. Bd3 c5 7. dxc5 dxc5 8. 0-0 Bg4 9. e5 Nd5 10. Nxd5 Qxd5 11. Qe2 Nc6 12. c3 a6 13. Be4 Qe6 14. Be3 c4 15. h3 Bf5 16. Ng5 Qc8 17. Qxc4 Bxe4 18. Nxe4 b5 19. Qc5 Qb7 20. Qb6 Qxb6 21. Bxb6 f6 22. exf6 exf6 23. Rfe1 Rab8 24. Bc5 Rfd8 25. Bd6 Rbc8 26. Rad1 f5 27. Ng5 Bf6 28. Ne6 Re8 29. Nc7 Rxe1+ 30. Rxe1 Na5 31. Nd5 Bh4 32. Ne7+ Bxe7 33. Bxe7 Nc4 34. b3 Nb6 35. Bf6 Nd5 36. Be5 Nxc3 37. Bxc3 Rxc3 38. Re6 a5 39. Ra6 a4 40. bxa4 b4 41. Rb6 Rc1+ 42. Kh2 Ra1 43. Rxb4 Rxa2 44. Rb8+ Kf7 45. Ra8 Ke6 46. a5 Kd5 47. Re8 Kd6 48. Re5 Ra4 49. Kg3 Ra3+ 50. Kh4 h6 51. Re8 Rxa5 52. Rg8 g5+ 53. fxg5 hxg5+ 54. Kxg5 Ke7 55. Rg7+ Ke6 56. Rg6+ Ke7 57. h4 Ra2 58. Kxf5 1-0

[Event "Oberliga Ost-B 1011"]
[Site "Germany"]
[Date "2010.10.24"]
[Round "1.8"]
[White "Fischer, Dennis"]
[Black "Doehring, Joachim"]
[Result "0-1"]
[WhiteElo "2011"]
[BlackElo "2052"]
[PlyCount "92"]
[EventDate "2010.10.24"]
[EventType "team-tourn"]
[EventRounds "11"]
[EventCountry "GER"]
[SourceTitle "EXT 2012"]
[Source "ChessBase"]
[SourceDate "2011.11.24"]
[SourceVersion "1"]
[SourceVersionDate "2011.11.24"]
[SourceQuality "1"]
[WhiteTeam "Erfurt Medizin"]
[BlackTeam "Wiesbaden"]
[WhiteTeamCountry "GER"]
[BlackTeamCountry "GER"]

1. d4 Nf6 2. g3 d5 3. Bg2 c6 4. Nf3 Bf5 5. 0-0 Nbd7 6. b3 e6 7. c4 Bd6 8. Nc3 Ne4 9. Bb2 Nxc3 10. Bxc3 Be4 11. Qd2 Rc8 12. Rac1 Qe7 13. c5 Bb8 14. b4 f6 15. a4 h5 16. Nh4 Kf7 17. Bxe4 dxe4 18. Ng2 h4 19. g4 h3 20. Nf4 Nf8 21. f3 e3 22. Qxe3 Qc7 23. Bd2 g5 24. Qf2 gxf4 25. e3 Ng6 26. e4 Rcd8 27. Bc3 a6 28. Qb2 Qe7 29. Rfd1 Nh4 30. Kf2 Rhg8 31. d5 cxd5 32. exd5 Rxd5 33. Rxd5 exd5 34. Re1 Qd8 35. Qc2 Ng6 36. Qf5 d4 37. Qe6+ Kg7 38. Rd1 Be5 39. Bb2 d3 40. Bxe5 Nxe5 41. g5 Kf8 42. Qxh3 Qd4+ 43. Kf1 Rxg5 44. Qh8+ Kf7 45. Qh7+ Rg7 46. Qh5+ Ke7 0-1